[Event "3rd Open"]
[Site "Backa Palanka YUG"]
[Date "2002.05.03"]
[Round "2"]
[White "Djosic,S"]
[Black "Sanduleac,V"]
[Result "0-1"]
[WhiteElo "2307"]
[BlackElo "2477"]

1.e4 g6 2.d4 Bg7 3.Nc3 c6 4.f4 Qb6 5.Nf3 d5 6.e5 Bg4 7.Be2 Nh6 8.Na4 Qa5+
9.c3 Nd7 10.b4 Qc7 11.O-O e6 12.Bd2 Nf5 13.Nb2 Bxf3 14.Bxf3 h5 15.Qe1 a5
16.a3 Bf8 17.Qf2 Be7 18.g3 Kf8 19.Rfc1 Kg7 20.Nd1 Nb6 21.Ne3 Nxe3 22.Bxe3 Nc4
23.Be2 Nxe3 24.Qxe3 Ra7 25.h3 Qd7 26.Rcb1 axb4 27.axb4 b6 28.Qc1 Rha8 29.Qb2 c5
30.bxc5 bxc5 31.Kf2 Qc7 32.Rxa7 Qxa7 33.Qb7 c4 34.f5 gxf5 35.Bxh5 Qa2+ 36.Be2 Bg5
37.Qb2 Qxb2 38.Rxb2 Ra3 39.Rc2 Bd8 40.Ke3 Ba5 41.Kd2 f6 42.exf6+ Kxf6 43.Bf3 Bb6
44.Ke2 Ba5 45.Kd2 Ra1 46.g4 fxg4 47.hxg4 Kg5 48.Ke3 Ra3 49.Kd2 Kf4 50.Be2 Ke4
51.Bf1 Bd8 52.Kd1 Bg5 53.Bg2+ Ke3 54.Kc1 Kd3+ 55.Kb1 Rb3+ 56.Rb2 Kxc3 57.Rxb3+ Kxb3
58.Bf3 Kc3 59.Bd1 Kxd4 60.Ba4 Kc3 61.Bc6 d4 62.Be4 d3 63.Bf3 Kd4  0-1

[Event "ch-UKR"]
[Site "Alushta UKR"]
[Date "2002.05.04"]
[Round "2"]
[White "Varitski,I"]
[Black "Tkachenko,D"]
[Result "1-0"]
[WhiteElo "2356"]
[BlackElo "2199"]

1.e4 g6 2.d4 Bg7 3.Nc3 c6 4.a4 d5 5.e5 f6 6.f4 Nh6 7.Nf3 Nd7 8.Bd3 f5 9.O-O e6
10.Ne2 Nf7 11.c4 O-O 12.a5 Rb8 13.Nc3 Bh6 14.Kh1 g5 15.cxd5 cxd5 16.fxg5 Nxg5
17.Nxg5 Bxg5 18.Bxg5 Qxg5 19.Rf3 Kh8 20.Rg3 Qh4 21.Nb5 Rg8 22.Rxg8+ Kxg8
23.g3 Qd8 24.g4 f4 25.Qf3 Qg5 26.Rf1 Nf8 27.Qxf4 Qxf4 28.Rxf4 Bd7 29.Nd6 b6
30.a6 b5 31.Rf7 Rb6 32.Bxh7+ Nxh7 33.Rxd7 Rxa6 34.Ne8 Ra4 35.Nf6+ Nxf6 36.exf6 Rxd4
37.g5 Rf4 38.h3 d4 39.Kg2 a5 40.Kg3 e5 41.h4 a4 42.h5 b4 43.h6 a3 44.bxa3 bxa3
45.g6  1-0

[Event "3rd Open"]
[Site "Backa Palanka YUG"]
[Date "2002.05.06"]
[Round "5"]
[White "Pilgaard,K"]
[Black "Djosic,S"]
[Result "1-0"]
[WhiteElo "2426"]
[BlackElo "2307"]

1.e4 c6 2.d4 g6 3.Nc3 Bg7 4.Bc4 d6 5.Qf3 e6 6.Nge2 Nf6 7.Bg5 Nbd7 8.O-O Qa5
9.h4 h6 10.Bd2 Qc7 11.Qg3 b5 12.Bxb5 cxb5 13.Nxb5 Qb6 14.Nxd6+ Kf8 15.e5 Nd5
16.Qf3 f5 17.Nf4 Rb8 18.Nxg6+ Kg8 19.Bc3 Rh7 20.Nxf5 Bb7 21.Nfe7+ Nxe7 22.Nxe7+ Kh8
23.d5 h5 24.Kh1 exd5 25.Qf7 Rh6 26.Nf5  1-0

[Event "3rd Open"]
[Site "Backa Palanka YUG"]
[Date "2002.05.07"]
[Round "6"]
[White "Pilgaard,K"]
[Black "Sanduleac,V"]
[Result "1/2-1/2"]
[WhiteElo "2426"]
[BlackElo "2477"]

1.e4 g6 2.d4 Bg7 3.Nc3 c6 4.Be2 d5 5.e5 f6 6.Nf3 Nd7 7.exf6 exf6 8.O-O Nh6
9.h3 O-O 10.Bf4 Nf7 11.a4 a5 12.Re1 Re8 13.Bd3 Rxe1+ 14.Qxe1 Nf8 15.Qd2 Ne6
16.Be3 Bd7 17.Re1 Nd6 18.b3 Qf8 19.Ne2 Ne4 20.Qc1 Qb4 21.Nf4 Re8 22.Bxe4 Nxf4
23.c3 Qb6 24.Bc2 Ne6  1/2-1/2

[Event "3rd Open"]
[Site "Backa Palanka YUG"]
[Date "2002.05.08"]
[Round "7"]
[White "Todorovic,GM"]
[Black "Bogdan,D"]
[Result "0-1"]
[WhiteElo "2487"]
[BlackElo "2374"]

1.e4 g6 2.d4 Bg7 3.Nc3 c6 4.Bc4 d6 5.Nf3 Nf6 6.e5 dxe5 7.Nxe5 O-O 8.O-O Nbd7
9.Bg5 Nb6 10.Bd3 a5 11.a4 Nfd5 12.Bh4 Be6 13.Ne4 Nf4 14.c3 Bf5 15.f3 f6 16.c4 Be6
17.Nc5 fxe5 18.d5 Bf7 19.Nxb7 Qc7 20.dxc6 Qxc6 21.Bxe7 Qxb7 22.Bxf8 Bxf8
23.Re1 Qc7 24.g3 Bc5+ 25.Kh1 Rd8 26.Qc2 Nxd3 27.Re2 g5 28.Kg2 Bg6 29.Qc3 Nd7
30.Rd1 Nf6  0-1

[Event "Capablanca Mem Mixto"]
[Site "Havana CUB"]
[Date "2002.05.08"]
[Round "3"]
[White "Pina,S"]
[Black "Arribas,M"]
[Result "1-0"]
[WhiteElo "2371"]
[BlackElo "2290"]

1.e4 g6 2.d4 c6 3.Nc3 Bg7 4.h3 d5 5.e5 Nh6 6.Nf3 f6 7.Bf4 Nf7 8.Bd3 Na6 9.Bxa6 bxa6
10.O-O O-O 11.Re1 Bh6 12.Bxh6 Nxh6 13.Na4 Qa5 14.Nc5 Qb4 15.Qd2 Qxd2 16.Nxd2 Rb8
17.Ndb3 Nf5 18.c3 fxe5 19.dxe5 Rb5 20.Re2 Kf7 21.a4 Rb6 22.g4 Nh4 23.Nd4 a5
24.f4 Ke8 25.Rf2 h5 26.e6 hxg4 27.hxg4 g5 28.f5 Kd8 29.b4 Kc7 30.bxa5 Rb8
31.Re1 Kd6 32.Nd3 a6 33.Ne5 c5 34.Nf7+ Kc7 35.Nf3 Nxf3+ 36.Rxf3 Rb2 37.Rf2 Rb3
38.c4 d4 39.Re5 Bb7 40.Rxc5+ Bc6 41.Ne5 Rb1+ 42.Rf1 Rxf1+ 43.Kxf1 Kd6 44.Rxc6+ Kxe5
45.Rc7 Rb8 46.Rxe7 Ke4 47.Rd7 Rb1+ 48.Ke2 Rb2+ 49.Kd1 Kd3 50.Kc1 Rc2+ 51.Kb1 Re2
52.e7 Kc3 53.Rb7 d3 54.f6 d2 55.Rd7 Re1+ 56.Ka2 Re2 57.Ka3 Re1 58.Rxd2 Kxd2
59.Kb4  1-0

[Event "Capablanca Mem Premier I"]
[Site "Havana CUB"]
[Date "2002.05.08"]
[Round "3"]
[White "Vassallo,M"]
[Black "Cacho Reigadas,S"]
[Result "1/2-1/2"]
[WhiteElo "2438"]
[BlackElo "2469"]

1.d4 g6 2.e4 Bg7 3.Nc3 c6 4.Nf3 d6 5.a4 Nd7 6.Be2 Qc7 7.O-O b6 8.Re1 Bb7
9.Bf1 Rd8 10.h3 a6 11.Be3 Ngf6 12.Qc1 e5 13.Bh6 O-O 14.dxe5 dxe5 15.Qg5 b5
16.Re3 Nh5 17.Bxg7 Kxg7 18.Nh4 Nc5 19.Nf5+ Kh8 20.Qh6 Ne6 21.Rd3 Rxd3 22.Bxd3 Rd8
23.axb5 axb5 24.Ne3 Bc8 25.Be2 Nf6 26.Ng4 Ng8 27.Qe3 Nd4 28.Bd1 Qd6 29.Ne2 Bxg4
30.hxg4 Nxe2+ 31.Bxe2 Kg7 32.Rd1  1/2-1/2

[Event "Capablanca Mem Mixto"]
[Site "Havana CUB"]
[Date "2002.05.08"]
[Round "3"]
[White "Montalvo,A"]
[Black "Frometa,Z"]
[Result "1-0"]
[WhiteElo "2268"]
[BlackElo "2213"]

1.e4 g6 2.d4 Bg7 3.Nc3 c6 4.f4 d5 5.e5 e6 6.Be3 b6 7.Nf3 Ne7 8.Bd3 Ba6 9.O-O Nf5
10.Bf2 h5 11.Ne2 Bxd3 12.Qxd3 Nd7 13.b3 O-O 14.c4 Qe7 15.cxd5 exd5 16.Rac1 Rfc8
17.Rc2 Nf8 18.Rfc1 Qd7 19.h3 Rc7 20.Nh2 Rac8 21.g4 hxg4 22.hxg4 Ne7 23.Bh4 Nh7
24.Bxe7 Qxe7 25.Qf3 f6 26.Kg2 Qd7 27.b4 fxe5 28.dxe5 g5 29.Nd4 gxf4 30.Qxf4 c5
31.bxc5 bxc5 32.Nf5 Qe6 33.Nf3 c4 34.Rh1 Qg6 35.Kg3 Nf8 36.N3d4 Re8 37.Re2 Ne6
38.Nxe6 Rxe6 39.Rh5 Qe8 40.Rg5 Rf7 41.Rh2 Qa4 42.Qf3 Qb4 43.Rf2 Qf8 44.Qxd5 Ra6
45.e6 Qb8+ 46.Kg2 Rxf5 47.Rfxf5 Ra3 48.e7+ Kh7 49.Rh5+  1-0

[Event "Capablanca Mem Mixto"]
[Site "Havana CUB"]
[Date "2002.05.10"]
[Round "5"]
[White "Fleitas,Y"]
[Black "Frometa,Z"]
[Result "0-1"]
[WhiteElo "2209"]
[BlackElo "2213"]

1.e4 g6 2.d4 Bg7 3.Nc3 c6 4.Nf3 d5 5.h3 e6 6.e5 b6 7.Be3 Ba6 8.Bxa6 Nxa6
9.O-O h6 10.Qd2 Ne7 11.a4 Nb8 12.a5 b5 13.b4 Nd7 14.Rae1 a6 15.Ne2 Qc7 16.Nh2 O-O-O
17.Nc1 Nf5 18.Nb3 Rde8 19.g4 Nxe3 20.Qxe3 f6 21.f4 g5 22.Nf3 gxf4 23.Qxf4 h5
24.g5 fxe5 25.dxe5 Rhf8 26.Qe3 Rf7 27.g6 Rff8 28.Nc5 Nxc5 29.Qxc5 Rf5 30.Nh4 Bf8
31.Qc3 d4 32.Qxd4 c5 33.Qe4 Rg5+ 34.Kh1 Qb7 35.Rf7 Qxe4+ 36.Rxe4 cxb4 37.Rd4 Rxe5
38.Rdd7 Rc5 39.g7 Bxg7 40.Rxg7 Rd8 41.Rxd8+ Kxd8 42.Rg2 Rc3 43.Kh2 Ra3 44.Ng6 Rxa5
45.Nf4 Ra2 46.Nxh5 a5 47.Nf4 Ke7 48.Nd3 Ra3 49.h4 b3 50.cxb3 Rxb3 51.Nc1 Rc3
52.Na2 Rc4 53.Kg3 b4 54.Rb2 Kf6 55.Rf2+ Kg6 56.Nxb4 axb4 57.Rf8 e5 58.Re8 Kf5
59.Rf8+ Ke4 60.h5 Kd3 61.h6 Rc7 62.Rb8 Kc3 63.Kg4 b3 64.Kf5 Re7 65.Rc8+ Kd2
66.Rb8 Kc2 67.Kf6 Rh7 68.Kg6 Rc7 69.Kf6 e4  0-1

[Event "Oceana zt"]
[Site "Warwick Fiji FIJ"]
[Date "2002.05.10"]
[Round "7"]
[White "Lane,G"]
[Black "Rujevic,M"]
[Result "1-0"]
[WhiteElo "2446"]
[BlackElo "2303"]

1.e4 g6 2.d4 Bg7 3.Nc3 c6 4.Bc4 d6 5.Qf3 e6 6.Nge2 d5 7.Bb3 a5 8.a4 Ne7 9.h4 h6
10.Bf4 O-O 11.Qg3 Nd7 12.Bc7 Qe8 13.O-O-O Nf6 14.e5 Nh7 15.Qd3 Qd7 16.Bd6 b6
17.h5 Ba6 18.Qh3 Ng5 19.Qg4 Bxe2 20.Qxe2 Rfc8 21.Qg4 Nf5 22.hxg6 fxg6 23.Ba3 b5
24.Bc5 b4 25.Ne2 Ne4 26.Rdf1 Qf7 27.Qh3 Ng5 28.Qh2 h5 29.f3 Bh6 30.Kb1 Ne3
31.Rfg1 Kg7 32.Qh4 Rh8 33.Nc1 Rab8 34.Nd3 Nc4 35.Bxc4 dxc4 36.Nf2 Qf5 37.f4 Nf7
38.g4 hxg4 39.Qf6+ Qxf6 40.exf6+ Kxf6 41.Nxg4+ Kf5 42.Nxh6+ Rxh6 43.Rxh6 Nxh6
44.Rg5+ Kf6 45.Bd6 Rd8 46.Bc7 Rd7 47.Bxa5 b3 48.Bc3 Nf5 49.d5+ Kf7 50.dxe6+ Kxe6
51.Rxg6+ Ke7 52.Rg1 Rd5 53.Kc1 Kd6 54.cxb3 cxb3 55.Rd1 Kc5 56.a5 Ne3 57.Rxd5+ Nxd5
58.f5 Nc7 59.f6 Kd6 60.Be5+ Kxe5 61.f7 Ne6 62.a6 Kf6 63.a7  1-0

[Event "Capablanca Mem Mixto"]
[Site "Havana CUB"]
[Date "2002.05.13"]
[Round "7"]
[White "Pina,S"]
[Black "Frometa,Z"]
[Result "1-0"]
[WhiteElo "2371"]
[BlackElo "2213"]

1.e4 g6 2.d4 Bg7 3.Nc3 c6 4.h3 d5 5.Nf3 e6 6.Bf4 Ne7 7.Qd2 h6 8.O-O-O b5
9.Bd3 b4 10.Ne2 a5 11.Rhe1 Ba6 12.Kb1 Bxd3 13.cxd3 Na6 14.Rc1 Rc8 15.Qe3 Nc7
16.Ne5 Nb5 17.g4 g5 18.Bh2 O-O 19.f4 f6 20.Nf3 Qd7 21.h4 dxe4 22.dxe4 gxh4
23.f5 exf5 24.gxf5 Nxf5 25.exf5 Qxf5+ 26.Ka1 Rfe8 27.Nxh4 Qh5 28.Qh3 f5 29.Nf4 Rxe1
30.Rxe1 Qg4 31.Nxf5 Qxh3 32.Nxh3 Nxd4 33.Nxd4 Bxd4 34.Nf4 a4 35.Kb1 Kf7 36.Nd3 c5
37.Be5 Bxe5 38.Rxe5 a3 39.Nxc5 Rg8 40.bxa3 bxa3 41.Kc2 Rg2+ 42.Kb3 Rg3+ 43.Kb4 Kg6
44.Nb3 Rg4+ 45.Kxa3 Rg3 46.Kb4 Rg4+ 47.Kb5 Rg5 48.Rxg5+ hxg5 49.a4 Kf5 50.a5 g4
51.a6 g3 52.Nc1 Kf4 53.a7  1-0

[Event "Open"]
[Site "Pula CRO"]
[Date "2002.05.15"]
[Round "5"]
[White "Topalovic,Z"]
[Black "Belotelov,D"]
[Result "1/2-1/2"]
[WhiteElo "2211"]
[BlackElo "2331"]

1.e4 g6 2.d4 Bg7 3.Nc3 c6 4.Be3 d6 5.Qd2 b5 6.Bd3 Nd7 7.Nf3 Qc7 8.Ne2 Bb7
9.a4 a6 10.O-O Ngf6 11.Ng3 Ng4 12.Bg5 h6 13.Bh4 e6 14.axb5  1/2-1/2

[Event "Open"]
[Site "Pula CRO"]
[Date "2002.05.17"]
[Round "7"]
[White "Filipovic,Br"]
[Black "Belotelov,D"]
[Result "1-0"]
[WhiteElo "2442"]
[BlackElo "2331"]

1.e4 g6 2.d4 Bg7 3.Nc3 c6 4.f4 d5 5.e5 Nh6 6.Nf3 Bg4 7.h3 Bxf3 8.Qxf3 f6
9.Bd3 O-O 10.exf6 Bxf6 11.Ne2 Nd7 12.Be3 Bg7 13.g4 Kh8 14.c3 e6 15.Qg3 Nf7
16.h4 Qe7 17.h5 g5 18.Bc2 Bh6 19.Bd2 Nf6 20.O-O-O Rg8 21.Qf3 Raf8 22.f5 e5
23.Qg3 e4 24.Be3 Qd7 25.Qh3 Re8 26.Ng3 Nd6 27.Nf1 b5 28.Kb1 Nc4 29.Bc1 Bf8
30.h6 Bd6 31.Ng3 Bxg3 32.Qxg3 Qd6 33.Qh3 a5 34.Bb3 Nb6 35.Rde1 a4 36.Bd1 Nc4
37.Be2 e3 38.Bxc4 bxc4 39.Rxe3 Ne4 40.Qh2 Qf6 41.Rhe1 Re7 42.Rxe4 dxe4 43.Be3 Rd7
44.Qe5 Rd6 45.Rh1 Qxe5 46.dxe5 Rd3 47.Re1 a3 48.e6 Rb8 49.Bd4+ Kg8 50.f6 Rxb2+
51.Kc1 Rxd4 52.cxd4 Rf2 53.Rxe4 Kf8 54.e7+ Ke8 55.Re6  1-0

[Event "4th Borowski C"]
[Site "Essen GER"]
[Date "2002.05.18"]
[Round "3"]
[White "Baramidze,D"]
[Black "Saltaev,M"]
[Result "1/2-1/2"]
[WhiteElo "2321"]
[BlackElo "2487"]

1.e4 c6 2.d4 g6 3.Nc3 Bg7 4.Nf3 d6 5.Be3 Nf6 6.h3 O-O 7.Qd2 Re8 8.Bd3 e5
9.dxe5 dxe5 10.O-O Qc7 11.Rad1 Nbd7 12.Bc4 Nb6 13.Bb3 Be6 14.Bxe6 Rxe6 15.Qe2 Bf8
16.a4 Nh5 17.g3 Ree8 18.b3 Ng7 19.Rd3 Rad8 20.Rfd1 Rxd3 21.Rxd3 Ne6 22.Qd1 Bg7
23.Kg2 Rd8 24.Rxd8+ Nxd8 25.Qd3 Ne6 26.a5 Nc8 27.b4 Bf8 28.Qc4 a6 29.Na4 Nd6
30.Qd3 Nb5 31.c4 Qd6 32.Nb2 Qxd3 33.Nxd3 Nd6 34.Nfxe5 Nxe4 35.Kf3 Nd6 36.Bc5 Nxc5
37.Nxc5 f6 38.Ned7 Be7 39.Nb6 Kf7 40.Ke2 Nf5 41.Nxb7 Ke6 42.g4 Ng7 43.Na4 Bxb4
44.Kd3 Ke5 45.Nac5 Bxc5 46.Nxc5 Ne6 47.Nxa6 c5 48.Nb8 Kd6 49.a6 Kc7 50.a7 Kb7
51.Nd7 f5 52.gxf5 gxf5 53.Ke3 Kxa7 54.h4 Ka6 55.Nf6 Ka5 56.Nxh7 Kb4 57.Ng5 Nf8
58.h5 Kxc4 59.h6 Kd5 60.Kf4 c4 61.h7 c3 62.Ke3 Ng6 63.Kd3 Ke5 64.Nf7+  1/2-1/2

[Event "Spring"]
[Site "Tel Aviv ISR"]
[Date "2002.05.22"]
[Round "3"]
[White "Kudischewitsch,D"]
[Black "Shevelev,D"]
[Result "1-0"]
[WhiteElo "2376"]
[BlackElo "2324"]

1.d4 g6 2.e4 Bg7 3.Nc3 c6 4.Nf3 d5 5.h3 Nf6 6.exd5 cxd5 7.Bd3 O-O 8.O-O Nc6
9.a3 Bf5 10.Bxf5 gxf5 11.Ne2 e6 12.c3 Ne4 13.Nf4 Kh8 14.Nh5 Rg8 15.g3 f6
16.Nh4 Bf8 17.Kh2 Bd6 18.Qe2 Qd7 19.Rg1 Qf7 20.Be3 Ne7 21.Nf4 Rae8 22.Rae1 e5
23.Qh5 Qxh5 24.Nxh5 f4 25.gxf4 Ng6 26.Nxg6+ hxg6 27.fxe5 fxe5 28.Ng3 Nxg3
29.dxe5 Bxa3 30.Rxg3 Bxb2 31.Bxa7 Re6 32.Rb1 Ra8 33.Bd4 Ra2 34.Rg2 Rc6 35.f4 Bxc3
36.Rxa2 Bxd4 37.Ra8+  1-0

[Event "Elekes Mem IM"]
[Site "Budapest HUN"]
[Date "2002.05.27"]
[Round "10"]
[White "Balogh,V"]
[Black "Benda,H"]
[Result "1-0"]
[WhiteElo "2236"]
[BlackElo "2303"]

1.e4 g6 2.d4 Bg7 3.Nc3 c6 4.Nf3 d5 5.h3 Nf6 6.e5 Ne4 7.Nxe4 dxe4 8.Ng5 c5
9.d5 Bxe5 10.Nxe4 O-O 11.c3 Nd7 12.Bh6 Re8 13.Bb5 a6 14.Bxd7 Qxd7 15.O-O c4
16.f4 Bh8 17.f5 Qc7 18.fxg6 Qb6+ 19.Kh1 Qxg6 20.Qf3 f5 21.Qf4 e5 22.dxe6 Rxe6
23.Rad1 Re8 24.Nc5 b5 25.Rd6 Qh5 26.Nd7 Bb7 27.Qg3+ Kf7 28.Nc5 Bc8 29.Re1 Rxe1+
30.Qxe1 Bf6 31.Bf4 Ra7 32.Qd2 Re7 33.Qd5+ Kg7 34.Kh2 Re2 35.Nd7 Be7 36.Be5+ Rxe5
37.Qxe5+ Kf7 38.Qe6+ Ke8 39.Qg8+  1-0

[Event "TCh-BIH"]
[Site "Neum BIH"]
[Date "2002.06.08"]
[Round "9"]
[White "Yemelin,V"]
[Black "Cekro,E"]
[Result "1/2-1/2"]
[WhiteElo "2541"]
[BlackElo "2419"]

1.e4 g6 2.d4 Bg7 3.Nc3 c6 4.h3 d6 5.Be3 Nd7 6.Qd2 e5 7.dxe5 dxe5 8.a4 Qe7
9.g3 Ngf6 10.Bg2 O-O 11.Nge2 Nb6 12.b3 Rd8 13.Qc1 Nbd7 14.O-O Nc5 15.Qa3 Bf8
16.Rad1 b6 17.Rxd8 Qxd8 18.Qc1 Ba6 19.Re1 Ne6  1/2-1/2

[Event "EuTCh U18"]
[Site "Balatonlelle HUN"]
[Date "2002.06.14"]
[Round "3"]
[White "Yildiz,B"]
[Black "Srebrnic,A"]
[Result "1/2-1/2"]
[WhiteElo "2037"]
[BlackElo "2212"]

1.e4 g6 2.d4 Bg7 3.Nc3 c6 4.Nf3 d6 5.Be3 Nd7 6.Qd2 b5 7.a3 Qc7 8.Bd3 a6 9.Ne2 Nb6
10.c3 Bb7 11.O-O Nf6 12.Rfe1 Ng4 13.Bg5 e5 14.h3 Nf6 15.Bh6 O-O 16.Bxg7 Kxg7
17.Ng3 h6 18.Rad1 c5 19.d5 c4 20.Bc2 Nbd7 21.Nh4 Ng8 22.f4 Nc5 23.Rf1 f6
24.f5 g5 25.Ng6 Rfb8 26.Nh5+ Kf7 27.h4 Ne7 28.Nxe7 Qxe7 29.hxg5 hxg5 30.Kf2 Rg8
31.Rh1 Ke8 32.g4 Kd7 33.Ng3 Rh8 34.Kf3 a5 35.Rh2 Rxh2 36.Qxh2 Ba6 37.Rh1 Rf8
38.Qh6 Rf7 39.Qg6 Rg7 40.Qh6 Kc7 41.Qh8 Bc8 42.Rh6 Nd7 43.Nh5 Rf7 44.Qg8 Bb7
45.Rg6 Nf8 46.Rg7 Rxg7 47.Qxg7 Qxg7 48.Nxg7 Nh7 49.Ne8+ Kd7 50.Ng7 a4 51.Ke3 Kc7
52.Ne8+ Kd7 53.Ng7 Kc7  1/2-1/2

[Event "3rd IECC"]
[Site "Batumi GEO"]
[Date "2002.06.14"]
[Round "3"]
[White "Gagunashvili,M"]
[Black "Minasian,Art"]
[Result "1-0"]
[WhiteElo "2472"]
[BlackElo "2572"]

1.d4 g6 2.e4 Bg7 3.Nc3 c6 4.Nf3 d6 5.Be2 Nd7 6.a4 Qc7 7.O-O Ngf6 8.h3 O-O
9.Be3 e5 10.dxe5 dxe5 11.Bc4 Nh5 12.a5 Nf4 13.Qb1 Qd6 14.Ne2 Qb4 15.Nd2 Nxe2+
16.Bxe2 f5 17.c3 Qe7 18.f3 Nf6 19.b4 Nh5 20.Qe1 f4 21.Bc5 Qg5 22.Bc4+ Kh8
23.Bxf8 Bxf8 24.Kh2 Be7 25.Qf2 Qh6 26.Rfd1 g5 27.Kg1 Nf6 28.Nb3 g4 29.hxg4 Nd7
30.g3 fxg3 31.Qxg3 Bh4 32.Qh2 Qf6 33.Rd3 Nf8 34.Nc5 Bg5 35.Rad1 b6 36.Rd6 Qxf3
37.Qxe5+  1-0

[Event "3rd IECC"]
[Site "Batumi GEO"]
[Date "2002.06.18"]
[Round "7"]
[White "Shengelia,D"]
[Black "Minasian,Art"]
[Result "1/2-1/2"]
[WhiteElo "2415"]
[BlackElo "2572"]

1.d4 g6 2.e4 Bg7 3.Nc3 c6 4.h3 d6 5.Nge2 b5 6.a3 Bb7 7.g3 Nd7 8.Bg2 a5 9.O-O b4
10.Nb1 c5 11.Be3 Ngf6 12.dxc5 Nxe4 13.cxd6 Nxd6 14.Bxb7 Nxb7 15.Bd4 Nf6 16.axb4 axb4
17.Rxa8 Qxa8 18.Qe1 b3 19.Qc3 bxc2 20.Qc6+ Kf8 21.Qxc2 Nd6 22.Nd2 Nd5 23.Qc5 Bxd4
24.Nxd4 Kg7 25.Nc6 Rc8 26.Rc1 Qa2 27.Nc4 Nf6 28.Nxd6 exd6 29.Qc3 Qd5 30.b4 h5
31.Qc4 h4 32.gxh4 Qf3 33.b5 Ne4 34.Qd4+ Kh7 35.Qe3 Qxe3 36.fxe3 Rc7 37.b6 Rb7
38.Rb1 Nc5 39.Na5 Rb8 40.b7 Kh6 41.Rb6 Kh5 42.Rxd6 Kxh4 43.Kg2 Nxb7 44.Rb6 Re8
45.Rb4+ Kg5 46.Rxb7 Rxe3 47.Rxf7 Re2+ 48.Kf3 Rc2 49.Nb7 Rc3+ 50.Kg2 Rc2+
51.Kf1 Kh4 52.Rh7+ Kg3 53.Nd6 Rf2+ 54.Ke1 Rf4 55.Ke2 Rh4 56.Rf7 Kxh3 57.Ke3 Kg4
58.Ne4 Rh3+ 59.Kd4 Ra3 60.Rf1  1/2-1/2

[Event "13th Open"]
[Site "Ljubljana SLO"]
[Date "2002.06.23"]
[Round "2"]
[White "Mohr,G"]
[Black "Srebrnic,A"]
[Result "1-0"]
[WhiteElo "2509"]
[BlackElo "2212"]

1.d4 g6 2.e4 Bg7 3.Nc3 c6 4.Bc4 d6 5.Qf3 e6 6.Nge2 Nd7 7.O-O Ngf6 8.Bb3 O-O
9.Bg5 h6 10.Be3 e5 11.Qg3 Kh7 12.f4 Nh5 13.Qf3 exf4 14.Nxf4 Nxf4 15.Qxf4 Nf6
16.h3 Qe7 17.Qh4 Be6 18.Bg5  1-0

[Event "Milivoj Petrov Mem"]
[Site "Pancevo YUG"]
[Date "2002.06.24"]
[Round "1"]
[White "Colovic,A"]
[Black "Sanduleac,V"]
[Result "0-1"]
[WhiteElo "2362"]
[BlackElo "2477"]

1.e4 g6 2.d4 Bg7 3.Nc3 c6 4.h3 d5 5.Nf3 dxe4 6.Nxe4 Bf5 7.Ng3 Be6 8.c3 Bd5
9.Bd3 Nf6 10.O-O Bxf3 11.Qxf3 O-O 12.Re1 Nbd7 13.Bg5 Qa5 14.Qe3 Rae8 15.Bh6 e6
16.a3 Qb6 17.Bxg7 Kxg7 18.b4 Rd8 19.Rad1 Rfe8 20.Qf4 Nd5 21.Qd2 N7f6 22.Re5 Qc7
23.Rde1 Qd6 24.Bc2 Qf8 25.h4 Nb6 26.Bb3 Nbd7 27.Ra5 a6 28.h5 Kg8 29.Rg5 Qg7
30.Bc2 b6 31.h6 Qf8 32.Ne4 Nxe4 33.Bxe4 Qd6 34.Qd3 Qf4 35.Rg3 Nb8 36.Qe3 Qxe3
37.fxe3 f5 38.Bf3 e5 39.Be2 Kf7 40.Rf3 Ke6 41.Bc4+ Kd6 42.Kf2 b5 43.Bf7 Rf8
44.Bb3 Nd7 45.c4 Nf6 46.Rc1 Rfe8 47.Rc2 Kc7 48.d5 bxc4 49.Bxc4 Nxd5 50.e4 fxe4
51.Rf7+ Kb6 52.Bxd5 cxd5 53.Rfc7 Rf8+ 54.Ke1 d4 55.a4 Rf6 56.R2c5 a5 57.bxa5+ Ka6
58.R5c6+ Rxc6 59.Rxc6+ Kxa5 60.Rc5+ Kb4 61.Rxe5 e3 62.a5 Rd7 63.a6 Kc3 64.Rc5+ Kb4
65.Re5 Kc4 66.Ra5 d3 67.Ra1 Ra7  0-1

[Event "Masters"]
[Site "Grenoble FRA"]
[Date "2002.06.25"]
[Round "4"]
[White "Olivier,JC"]
[Black "Foisor,C"]
[Result "1-0"]
[WhiteElo "2368"]
[BlackElo "2437"]

1.e4 g6 2.d4 Bg7 3.Nc3 c6 4.f4 d5 5.e5 Nh6 6.Nf3 f6 7.Be2 Bg4 8.Be3 Nf5 9.Bf2 e6
10.O-O Bxf3 11.Bxf3 fxe5 12.fxe5 Bh6 13.Qd3 O-O 14.Ne2 Rf7 15.Ng3 Na6 16.b3 Qg5
17.Nxf5 gxf5 18.c4 Nb4 19.Qc3 Qd2 20.Qxd2 Bxd2 21.Rfd1 Bg5 22.a3 Nc2 23.Ra2 Ne3
24.Rd3 Ng4 25.cxd5 cxd5 26.Rc2 Bd8 27.h3 Nxf2 28.Kxf2 Bb6 29.Ke3 f4+ 30.Ke2 Rff8
31.Bg4 Kf7 32.Rf3 Ke7 33.Kd3 Rf7 34.Rf1 Raf8 35.Rf3 Rh8 36.Bh5 Rf5 37.Bg4 Rff8
38.Rf1 h5 39.Bf3 Kd7 40.b4 h4 41.Bg4 f3 42.Rxf3 Rxf3+ 43.gxf3 Rf8 44.Ke3 Ke7
45.a4 a5 46.Rb2 Rb8 47.f4 axb4 48.Rxb4 Ba5 49.Rb5 b6 50.f5 exf5 51.Bxf5 Rd8
52.Bg4 Kf7 53.Bf3 Ke6 54.Bh1 Rd7 55.Bf3 Rd8 56.Bg2 Rd7 57.Bh1 Rg7 58.Rxd5 Rg3+
59.Ke4 Rxh3 60.Bf3 Rg3 61.Rd6+ Ke7 62.Rf6 h3 63.d5 h2 64.d6+ Kd7 65.Rf7+ Kc8
66.Rc7+ Kb8 67.Rh7 Bc3 68.Rh8+  1-0

[Event "13th Open"]
[Site "Ljubljana SLO"]
[Date "2002.06.25"]
[Round "4"]
[White "Kutuzovic,B"]
[Black "Srebrnic,A"]
[Result "1/2-1/2"]
[WhiteElo "2406"]
[BlackElo "2212"]

1.e4 g6 2.d4 Bg7 3.Nc3 c6 4.Nf3 d6 5.Be3 Qc7 6.Qd2 Nd7 7.h3 b5 8.Bd3 Rb8
9.O-O e5 10.dxe5 dxe5 11.a4 b4 12.Na2 c5 13.b3 Ngf6 14.Qe2 O-O 15.Rac1 Nh5
16.g3 Nb6 17.Kg2 c4 18.Bxb6 Qd7 19.Bxc4 Qxh3+ 20.Kg1 Nf4  1/2-1/2

[Event "13th Open"]
[Site "Ljubljana SLO"]
[Date "2002.06.25"]
[Round "4"]
[White "Mazi,L"]
[Black "Skoberne,J"]
[Result "1-0"]
[WhiteElo "2378"]
[BlackElo "2158"]

1.e4 g6 2.d4 Bg7 3.Nc3 c6 4.Nf3 d6 5.Be3 Qb6 6.a3 Nf6 7.h3 O-O 8.Bd3 Nbd7
9.O-O Qc7 10.Qd2 e5 11.Rfe1 Re8 12.Bh6 Nf8 13.Rad1 Be6 14.Ne2 Nxe4 15.Bxe4 f5
16.dxe5 dxe5 17.Bxg7 Qxg7 18.Nc3 fxe4 19.Nxe4 Nd7 20.Nd6 Re7 21.Ng5 Nf8 22.Qa5 Bf5
23.Qc3 h6 24.Qb3+ Be6 25.Nxe6 Nxe6 26.f4 Kh7 27.fxe5 Nc5 28.Qg3 Nd7 29.Nxb7 Nxe5
30.Nc5 Rae8 31.Re4 g5 32.Qc3 Qg6 33.Rde1 Qf5 34.Rf1 Qg6 35.b4 Qg7 36.Rfe1 h5
37.Qg3 h4 38.Qf2 Ng6 39.Ne6 Qh6 40.Qf6 Nf4 41.Nxg5+  1-0

[Event "Milivoj Petrov Mem"]
[Site "Pancevo YUG"]
[Date "2002.06.28"]
[Round "5"]
[White "Todorovic,GM"]
[Black "Sanduleac,V"]
[Result "1-0"]
[WhiteElo "2487"]
[BlackElo "2477"]

1.e4 g6 2.d4 Bg7 3.Nc3 c6 4.Bc4 d6 5.Nf3 Nf6 6.e5 dxe5 7.Nxe5 O-O 8.O-O Nbd7
9.Bg5 Nb6 10.Bb3 Nbd5 11.Qf3 Be6 12.Rfe1 Nc7 13.Rad1 Bxb3 14.axb3 Nfd5 15.Bh4 Bf6
16.Bg3 Bg7 17.Qe2 Nxc3 18.bxc3 Nd5 19.Qd2 Nf6 20.h3 Re8 21.c4 e6 22.c5 Qe7
23.Nc4 Red8 24.Bd6 Qd7 25.Ne5 Qe8 26.Qb4 b6 27.c4 Bf8 28.Bxf8 Qxf8 29.Nxc6 Rdc8
30.d5 bxc5 31.Qb7 Re8 32.d6 Kg7 33.d7 Red8 34.Re3 a5 35.Qc7  1-0

[Event "13th Open"]
[Site "Ljubljana SLO"]
[Date "2002.06.29"]
[Round "8"]
[White "Kodela,M"]
[Black "Skoberne,J"]
[Result "1/2-1/2"]
[WhiteElo "2022"]
[BlackElo "2158"]

1.e4 g6 2.d4 Bg7 3.Nc3 c6 4.Be3 Qb6 5.a3 d6 6.h3 Nf6 7.Nf3 O-O 8.Be2 Nbd7
9.O-O Qc7 10.Qd2 e5 11.Rad1 Re8 12.dxe5 dxe5 13.Bc4 Nb6 14.Bxb6 axb6 15.Ng5 Rf8
16.Nxf7 Rxf7 17.Qd8+ Qxd8 18.Rxd8+ Bf8 19.Be6 Bxe6 20.Rxa8 Kg7 21.g4 Bc5
22.Kg2 Bd4 23.f3 Bc4 24.Re1 Nd7 25.Nd1 Nc5 26.b4 Ne6 27.c3 Nf4+ 28.Kg3 Ne2+
29.Kg2  1/2-1/2

[Event "Open"]
[Site "Velika Gorica CRO"]
[Date "2002.06.29"]
[Round "8"]
[White "Zecevic,Dea"]
[Black "Stefan,K"]
[Result "1-0"]
[WhiteElo "2331"]
[BlackElo "2195"]

1.e4 g6 2.d4 c6 3.Nc3 Bg7 4.Nf3 d5 5.h3 dxe4 6.Nxe4 Nd7 7.Bc4 Ngf6 8.Nxf6+ Nxf6
9.O-O O-O 10.Re1 h6 11.c3 Nd5 12.Qe2 Re8 13.Ne5 Bf5 14.g4 Bc8 15.Qf3 Rf8
16.Bd2 e6 17.Rad1 Bd7 18.Bb3 Be8 19.c4 Nb6 20.Bb4 a5 21.Bxf8 Bxf8 22.c5 Nd5
23.Bxd5 exd5 24.Re3 Bg7 25.Rde1 g5 26.Nd3 Bd7 27.Re7 f6 28.Qg3 Bf8 29.Qd6  1-0

[Event "1st Open"]
[Site "La Fere FRA"]
[Date "2002.07.04"]
[Round "8"]
[White "Gorshkova,I"]
[Black "Pytel,K"]
[Result "0-1"]
[WhiteElo "2190"]
[BlackElo "2420"]

1.e4 g6 2.d4 Bg7 3.Nc3 c6 4.Nf3 d5 5.e5 Nh6 6.Bd3 f6 7.h4 Nf7 8.Bf4 Bg4 9.exf6 exf6
10.Qd2 Nd7 11.Nh2 Be6 12.O-O-O O-O 13.g4 b5 14.Rde1 Re8 15.g5 fxg5 16.hxg5 Qa5
17.Kb1 Nb6 18.Nf3 Nc4 19.Bxc4 dxc4 20.Ne4 b4 21.Qd1 b3 22.axb3 cxb3 23.cxb3 Bf5
24.Nd2 Qd5 25.f3 Qxd4 26.Qc2 a5 27.Be3 Qd5 28.Rh4 a4 29.bxa4 Reb8 30.Nc4 Rb4
31.Rc1 Rbxa4  0-1

[Event "5th Open"]
[Site "Vins du Medoc FRA"]
[Date "2002.07.06"]
[Round "8"]
[White "Wohl,A"]
[Black "Foisor,C"]
[Result "1/2-1/2"]
[WhiteElo "2388"]
[BlackElo "2419"]

1.e4 g6 2.d4 Bg7 3.Nc3 c6 4.Nf3 d6 5.Be3 Nd7 6.Qd2 Qc7 7.h3 b5 8.Bd3 Bb7
9.a3 a6 10.O-O Ngf6 11.Bh6 O-O 12.Rfe1 e5 13.dxe5 dxe5 14.Ne2 Nc5 15.Bxg7 Kxg7
16.Ng3 Ne6 17.Qc3 Nd7 18.a4 f6 19.b4 Rfd8 20.Bf1 Nb6 21.a5 Nd7 22.Qb2 Ndf8
23.c4 Nd4 24.Ra3 Nfe6 25.c5 Bc8 26.Nxd4 Rxd4 27.Rd3 Qd8 28.Red1 Ra7 29.Rxd4 Nxd4
30.Rd3 Be6 31.Ne2 Rd7 32.Nxd4 exd4 33.Rd2 Bc4 34.Bd3 Qg8 35.f3 Qe6 36.Qc1 g5
37.Qe1 Qe5 38.Qe2 Qf4 39.Kf2 Be6 40.g3 Qe5 41.Kg2 h5 42.Qf2 Bc4 43.f4 Qe6
44.fxg5 fxg5 45.Bb1 Qe5 46.h4 gxh4 47.gxh4 Kg8 48.Kh1 d3 49.Qe3 Rg7 50.Bxd3 Bxd3
51.Rxd3 Qf6 52.Qe1 Qg6 53.Rd2 Qg4 54.Qe3 Qxh4+ 55.Rh2 Qg4 56.Rd2 Kh7 57.e5 Rg6
58.Re2 Qxb4 59.e6 Qh4+ 60.Rh2 Qg4 61.Re2 Qh4+ 62.Rh2 Qc4 63.Re2 Qh4+ 64.Rh2  1/2-1/2